| Tag |
First Indicator |
Second Indicator |
Subfields |
| LEADER |
00000cas a2200000 a 4500 |
| 001 |
in00000023277 |
| 005 |
20190207093401.0 |
| 008 |
790803d18891892txuar s0 0eng c |
| 010 |
|
|
|a gs 05000322
|z sn 87028604
|
| 016 |
7 |
|
|a 742808--x
|2 DE-600
|
| 019 |
|
|
|a 11876067
|
| 029 |
1 |
|
|a AU@
|b 000005440662
|
| 029 |
1 |
|
|a HEBIS
|b 066575133
|
| 035 |
|
|
|a (OCoLC)ocm05235917
|
| 040 |
|
|
|a GIS
|b eng
|c MUL
|d NYG
|d OCL
|d IUL
|d DLC
|d OCLCQ
|d HEBIS
|d OCLCQ
|d UtOrBLW
|
| 042 |
|
|
|a pcc
|a premarc
|
| 043 |
|
|
|a n-us-tx
|
| 049 |
|
|
|a TXAM
|
| 050 |
0 |
0 |
|a QE167
|b .A2
|
| 086 |
|
|
|a A1100.3 An78g
|2 txdocs
|
| 092 |
|
|
|a 557.64
|b T3384rp
|
| 110 |
2 |
|
|a Geological Survey of Texas.
|
| 245 |
1 |
0 |
|a Annual report of the Geological Survey of Texas /
|c Department of Agriculture, Insurance, Statistics, and History.
|
| 264 |
|
1 |
|a Austin :
|b State Print. Office,
|c 1890-1893.
|
| 300 |
|
|
|a 4 volumes :
|b illustrations (some folded), maps ;
|c 26 cm.
|
| 310 |
|
|
|a Annual
|
| 336 |
|
|
|a text
|b txt
|2 rdacontent
|
| 337 |
|
|
|a unmediated
|b n
|2 rdamedia
|
| 338 |
|
|
|a volume
|b nc
|2 rdacarrier
|
| 362 |
0 |
|
|a 1st (1889)-4th (1892).
|
| 500 |
|
|
|a The Cushing Library/Chapman Texas Collection copy is part of the Floyd & Louise Chapman Texas & Borderlands Collection.
|5 TXA
|
| 525 |
|
|
|a Vol. for 1892 accompanied by a paper titled: A preliminary report on the vertebrate paleontology of the Llano Estacado, by E.D. Cope.
|
| 610 |
2 |
0 |
|a Geological Survey of Texas
|v Periodicals.
|
| 650 |
|
0 |
|a Geology
|z Texas
|v Periodicals.
|
| 650 |
|
0 |
|a Paleontology
|z Texas
|v Periodicals.
|
| 650 |
|
0 |
|a Geology, Economic
|z Texas
|v Periodicals.
|
| 776 |
0 |
8 |
|i Online version:
|a Geological Survey of Texas.
|t Annual report of the Geological Survey of Texas
|w (OCoLC)654473776
|
| 850 |
|
|
|a DLC
|a InU
|a N
|
| 994 |
|
|
|a C0
|b TXA
|
| 949 |
|
|
|a updated
|b h
|c 2013/7/30
|e coplinger
|f 1:58:46 pm
|
| 999 |
|
|
|a MARS
|
| 999 |
f |
f |
|s c6e84ef7-b43c-38b3-a626-24187b2283b2
|i 8da3d311-4131-3a4f-80d5-c7d8a7fca49d
|t 0
|
| 952 |
f |
f |
|p noncirc
|a Texas A&M University
|b College Station
|c Cushing Memorial Library & Archives
|d Cushing: Kelsey Americana (Does not check out)
|t 0
|e QE167 .A2
|h Library of Congress classification
|i unmediated -- volume
|
| 952 |
f |
f |
|p noncirc
|a Texas A&M University
|b College Station
|c Cushing Memorial Library & Archives
|d Cushing: Chapman Texas Collection (Does not check out)
|t 0
|e QE167 .A2
|h Library of Congress classification
|i unmediated -- volume
|
| 998 |
f |
f |
|a QE167 .A2
|s 4th:pt.6 (1892)
|t 0
|l Cushing: Chapman Texas Collection (Does not check out)
|
| 998 |
f |
f |
|a QE167 .A2
|s 1st (1889)
|t 0
|l Cushing: Kelsey Americana (Does not check out)
|